[Event "10eme Open International de La Fere"]
[Site "La Fere (FRA)"]
[Date "2011.07.07"]
[Round "7.21"]
[White "Delias, Gerard"]
[Black "Londers, Jan"]
[Result "0-1"]
[WhiteElo "1580"]
[BlackElo "1877"]
[PlyCount "54"]
[EventDate "2011.??.??"]

1. c4 g6 2. d4 Bg7 3. e4 d6 4. Be3 Nf6 5. f3 O-O 6. Ne2 Nc6 7. Nbc3 a6 8. Nc1
Rb8 9. Be2 Re8 10. O-O e5 11. Nb3 exd4 12. Nxd4 Nh5 13. Qd2 f5 14. Rac1 Nf4 15.
Rfd1 Bxd4 16. Bxd4 Qg5 17. Bf1 Nxd4 18. Qxd4 Ne6 19. Qf2 Bd7 20. Re1 c5 21.
Rcd1 Nd4 22. Bd3 Bc6 23. Ne2 Nxf3+ 24. Qxf3 fxe4 25. Bxe4 Rxe4 26. Qg3 Rg4 27.
Qh3 Rxg2+ 0-1

[Event "10eme Open International de La Fere"]
[Site "La Fere (FRA)"]
[Date "2011.07.07"]
[Round "7.22"]
[White "Molet, Asher"]
[Black "Bouguettouche, Didier"]
[Result "1-0"]
[WhiteElo "1859"]
[BlackElo "1410"]
[PlyCount "89"]
[EventDate "2011.??.??"]

1. d4 d5 2. Nf3 Bf5 3. c4 dxc4 4. e3 Bd3 5. Bxd3 cxd3 6. Qxd3 c6 7. O-O e6 8.
Rd1 h6 9. e4 c5 10. Nc3 cxd4 11. Qb5+ Nd7 12. Nxd4 Qc7 13. f4 Qb6 14. Be3 Ngf6
15. Qxb6 Nxb6 16. Ndb5 Rc8 17. Bxb6 axb6 18. Nd6+ Bxd6 19. Rxd6 Rc6 20. Rad1
Ke7 21. e5 Nd5 22. Nxd5+ exd5 23. R6xd5 Rhc8 24. Rd7+ Ke6 25. Kf2 Rc2+ 26. R7d2
Rxd2+ 27. Rxd2 b5 28. b3 Ra8 29. Kf3 Kf5 30. g4+ Ke6 31. Ke4 Ke7 32. h4 g6 33.
f5 g5 34. hxg5 hxg5 35. f6+ Kf8 36. Kf5 Re8 37. Rd5 b4 38. Kxg5 Kg8 39. Kf5 Ra8
40. Rd2 b5 41. g5 Kh8 42. g6 fxg6+ 43. Kxg6 Kg8 44. e6 Rxa2 45. Rd8# 1-0

[Event "10eme Open International de La Fere"]
[Site "La Fere (FRA)"]
[Date "2011.07.07"]
[Round "7.23"]
[White "Roux, Jean-Francois"]
[Black "Heymann-Lobzhanidze, Anna-Luise"]
[Result "0-1"]
[WhiteElo "1682"]
[BlackElo "2025"]
[PlyCount "112"]
[EventDate "2011.??.??"]

1. d4 Nf6 2. c4 g6 3. Nc3 Bg7 4. e4 d6 5. f4 O-O 6. Nf3 c5 7. d5 e6 8. Be2 exd5
9. cxd5 Bg4 10. h3 Bxf3 11. Bxf3 Re8 12. O-O a6 13. a4 Nbd7 14. Be3 c4 15. Qc2
Rc8 16. Rae1 Qa5 17. Bd2 Qc7 18. Be3 Nc5 19. Bxc5 Qxc5+ 20. Kh1 Nd7 21. Bg4 Rc7
22. Bxd7 Rxd7 23. Re2 Rc7 24. Rfe1 Qd4 25. Rd1 Qb6 26. Rde1 Rce7 27. Re3 Bd4
28. R3e2 f6 29. Nd1 Qb3 30. Qxb3 cxb3 31. g4 Kf7 32. Kg2 Rc8 33. Kf3 Rc4 34.
Ne3 Rxa4 35. Rc1 Rb4 36. Nc4 Bc5 37. e5 fxe5 38. fxe5 Ke8 39. Nxd6+ Bxd6 40.
exd6 Rxe2 41. Kxe2 Kd7 42. Rc7+ Kxd6 43. Rxh7 Kxd5 44. Rg7 Rb6 45. Kd3 a5 46.
Rd7+ Ke5 47. Kc3 a4 48. Rd4 a3 49. Rd1 a2 50. h4 Kf4 51. h5 g5 52. h6 Rxh6 53.
Kxb3 Ra6 54. Ra1 Kxg4 55. Kc2 Kf3 56. b3 Kf2 0-1

[Event "10eme Open International de La Fere"]
[Site "La Fere (FRA)"]
[Date "2011.07.07"]
[Round "7.24"]
[White "Koechler, Thomas"]
[Black "Paris, Pierre-Julien"]
[Result "0-1"]
[WhiteElo "1989"]
[BlackElo "1650"]
[PlyCount "86"]
[EventDate "2011.??.??"]

1. e4 c6 2. d4 d5 3. e5 Bf5 4. h4 Qc8 5. Be2 h6 6. g4 Bh7 7. f4 e6 8. b3 Bb4+
9. Bd2 Bxd2+ 10. Nxd2 Ne7 11. c4 Nd7 12. Ngf3 c5 13. g5 Nf5 14. Nf1 Qc7 15.
cxd5 exd5 16. Rc1 Rc8 17. Qd2 Qb6 18. Bd3 Ke7 19. Bxf5 Bxf5 20. Ne3 Be4 21. O-O
hxg5 22. Nxg5 cxd4 23. Nc4 dxc4 24. Nxe4 c3 25. Qf2 Qg6+ 26. Ng5 d3 27. Qxa7
Rxh4 28. Qd4 Qb6 29. Qxb6 Nxb6 30. Ne4 Nd5 31. Nd6 Rg4+ 32. Kf2 Rc6 33. Kf3
Rxf4+ 34. Kg3 Rxf1 35. Rxf1 f6 36. Nf5+ Kf8 37. Nd4 Rc8 38. exf6 Nxf6 39. Ne6+
Kg8 40. Nf4 d2 41. Rh1 c2 42. Ng6 c1=Q 43. Rh8+ Kf7 0-1

[Event "10eme Open International de La Fere"]
[Site "La Fere (FRA)"]
[Date "2011.07.07"]
[Round "7.25"]
[White "Meunier, Samuel"]
[Black "Caloone, Thomas"]
[Result "1/2-1/2"]
[WhiteElo "1950"]
[BlackElo "1640"]
[PlyCount "87"]
[EventDate "2011.??.??"]

1. e4 e6 2. d4 d5 3. Nd2 dxe4 4. Nxe4 Nd7 5. Nf3 Ngf6 6. Bg5 Be7 7. Bxf6 Nxf6
8. Bd3 Bd7 9. Ne5 O-O 10. O-O c6 11. Re1 Nd5 12. c3 Qc7 13. Qh5 h6 14. g3 Bd6
15. Nxd6 Qxd6 16. Rad1 Nf6 17. Qe2 Rac8 18. Bb1 Rfd8 19. h4 Qe7 20. Kh2 c5 21.
Rg1 cxd4 22. Rxd4 Bc6 23. Rgd1 Be8 24. Qd2 Rxd4 25. Qxd4 Qc5 26. Kg1 Qxd4 27.
Rxd4 Kf8 28. Kf1 Ke7 29. Ke2 Rd8 30. Kd3 Rxd4+ 31. Kxd4 Nd7 32. Nxd7 Kxd7 33.
Be4 b6 34. b4 Kd6 35. f4 Bc6 36. Bxc6 Kxc6 37. a4 f6 38. c4 a5 39. bxa5 bxa5
40. h5 Kd6 41. c5+ Kc6 42. g4 Kc7 43. Ke4 Kc6 44. Kd4 1/2-1/2

[Event "10eme Open International de La Fere"]
[Site "La Fere (FRA)"]
[Date "2011.07.07"]
[Round "7.27"]
[White "Fauchart, Francois"]
[Black "Hutin, Evgueny"]
[Result "0-1"]
[WhiteElo "1642"]
[BlackElo "1923"]
[PlyCount "104"]
[EventDate "2011.??.??"]

1. d4 d5 2. Nf3 Nf6 3. Bf4 Bf5 4. h3 e6 5. Nbd2 c5 6. e3 Nc6 7. c3 Bd6 8. Ne5
Bxe5 9. dxe5 Nd7 10. Nf3 Be4 11. Bb5 O-O 12. Bxc6 bxc6 13. O-O Qc7 14. a3 Bxf3
15. Qxf3 Nxe5 16. Qg3 f6 17. Rad1 c4 18. Rd2 Rab8 19. Rfd1 Rb3 20. e4 Rfb8 21.
exd5 cxd5 22. Qg4 Qf7 23. Qe2 R8b6 24. Be3 R6b5 25. a4 Ra5 26. Ra1 Nd3 27. f4
Qd7 28. f5 e5 29. Bf2 Qxf5 30. g4 Qd7 31. Bg3 Rxa4 32. Rxa4 Qxa4 33. Qf3 Qd7
34. g5 e4 35. Qh5 g6 36. Qh6 f5 37. Qh4 a5 38. Bf2 a4 39. Be3 Nxb2 40. Qg3 Nd3
41. Ra2 a3 42. Rxa3 Rxa3 43. Qb8+ Kf7 44. Qh8 Qd6 45. Qxh7+ Ke8 46. Qg8+ Kd7
47. Qf7+ Kc8 48. Qe8+ Kb7 49. Qb5+ Kc7 50. Kf1 Ra1+ 51. Kg2 f4 52. Bg1 f3+ 0-1

[Event "10eme Open International de La Fere"]
[Site "La Fere (FRA)"]
[Date "2011.07.07"]
[Round "7.28"]
[White "Soveaux, Jean"]
[Black "Denis, Monique"]
[Result "1-0"]
[WhiteElo "1893"]
[BlackElo "1480"]
[PlyCount "79"]
[EventDate "2011.??.??"]

1. d4 Nf6 2. c4 c6 3. Nc3 g6 4. e4 d6 5. f3 Bg7 6. Be3 O-O 7. Bd3 Nbd7 8. Nge2
e5 9. d5 a6 10. O-O c5 11. a3 Kh8 12. b4 b6 13. Rb1 Ng8 14. Qd2 Ndf6 15. bxc5
bxc5 16. Rb3 Nh5 17. Rfb1 f5 18. exf5 Bxf5 19. Ne4 Bxe4 20. Bxe4 Qh4 21. Bg5
Bh6 22. Bxh6 Nf4 23. Bxf8 Rxf8 24. Nxf4 exf4 25. Rb8 Qf6 26. Rxf8 Qxf8 27. Rb7
Qf6 28. Qb2 Qd4+ 29. Qxd4+ cxd4 30. Kf2 Nf6 31. Ke2 g5 32. Rf7 Nxe4 33. fxe4 h5
34. Rf5 g4 35. Rxh5+ Kg7 36. Rg5+ Kf6 37. Rxg4 Ke5 38. Kd3 a5 39. h4 a4 40. h5
1-0

[Event "10eme Open International de La Fere"]
[Site "La Fere (FRA)"]
[Date "2011.07.07"]
[Round "7.29"]
[White "Bouchard, Sebastien"]
[Black "Pretceille, Jeremie"]
[Result "0-1"]
[WhiteElo "1610"]
[BlackElo "1857"]
[PlyCount "70"]
[EventDate "2011.??.??"]

1. e4 c6 2. d4 d5 3. e5 Bf5 4. Bd3 Bxd3 5. Qxd3 e6 6. a3 Nd7 7. f4 c5 8. c3 Rc8
9. Be3 Qb6 10. b4 c4 11. Qc2 Nh6 12. h3 Nf5 13. Bf2 h5 14. Nf3 a5 15. Nbd2 Be7
16. Ke2 h4 17. Nf1 Nf8 18. Ne3 Nxe3 19. Kxe3 Ra8 20. Qb1 Ng6 21. f5 exf5 22.
Qxf5 Qe6 23. Qxe6 fxe6 24. g3 hxg3 25. Bxg3 Kd7 26. h4 Bd8 27. h5 Ne7 28. Bf4
Nf5+ 29. Kf2 axb4 30. cxb4 Bb6 31. Be3 Raf8 32. Rag1 Ra8 33. Ra1 Rhf8 34. Rhg1
Ra4 35. Ke2 Rfa8 0-1

[Event "10eme Open International de La Fere"]
[Site "La Fere (FRA)"]
[Date "2011.07.07"]
[Round "7.30"]
[White "Van Poucke, Guy"]
[Black "Poulain, Andre"]
[Result "0-1"]
[WhiteElo "1490"]
[BlackElo "1804"]
[PlyCount "139"]
[EventDate "2011.??.??"]

1. e4 c5 2. Nf3 d6 3. d4 cxd4 4. Nxd4 Nf6 5. Nc3 a6 6. Be3 e5 7. Nb3 Be6 8. Be2
Be7 9. f3 Nbd7 10. Qd2 b5 11. Nd5 Bxd5 12. exd5 Nb6 13. Na5 Nbxd5 14. Nc6 Qc7
15. Nxe7 Nxe3 16. Qxe3 Qxe7 17. O-O O-O 18. Bd3 Rfe8 19. Rae1 Qc7 20. Qd2 Rac8
21. b3 a5 22. c4 bxc4 23. bxc4 Qc5+ 24. Kh1 Rb8 25. h4 Qd4 26. g3 Rb2 27. Qe3
Qxe3 28. Rxe3 Nh5 29. f4 e4 30. Rfe1 f5 31. g4 fxg4 32. Bxe4 Rxe4 33. Rxe4 Ng3+
34. Kg1 Nxe4 35. Rxe4 Rxa2 36. Rd4 Rc2 37. Rxd6 Rxc4 38. f5 Rf4 39. Rd5 a4 40.
Ra5 Kf7 41. Kg2 Kf6 42. Kg3 Rc4 43. Rb5 h5 44. Ra5 Rc3+ 45. Kf2 Rf3+ 46. Kg2 a3
47. Ra6+ Kxf5 48. Ra5+ Kg6 49. Ra6+ Kh7 50. Ra5 g6 51. Ra7+ Kh6 52. Ra8 Rb3 53.
Kf1 Rb1+ 54. Kg2 Rb2+ 55. Kg3 a2 56. Kf4 Rf2+ 57. Kg3 Rf3+ 58. Kg2 Rh3 59. Rxa2
Rxh4 60. Ra3 Rh3 61. Rxh3 gxh3+ 62. Kxh3 Kg5 63. Kg3 h4+ 64. Kh3 Kh5 65. Kh2
Kg4 66. Kg2 g5 67. Kh2 Kf3 68. Kh3 g4+ 69. Kxh4 g3 70. Kh3 0-1

[Event "10eme Open International de La Fere"]
[Site "La Fere (FRA)"]
[Date "2011.07.07"]
[Round "7.31"]
[White "Louis, Andre"]
[Black "Caloone, Jules"]
[Result "1-0"]
[WhiteElo "1800"]
[BlackElo "1429"]
[PlyCount "81"]
[EventDate "2011.??.??"]

1. e4 d5 2. exd5 Nf6 3. c4 c6 4. d4 cxd5 5. Nc3 e6 6. c5 b6 7. b4 a5 8. Na4
bxc5 9. bxc5 Nc6 10. Bb5 Bd7 11. Bg5 Be7 12. Nb6 Rb8 13. Bf4 e5 14. Bxc6 exf4
15. Bxd7+ Nxd7 16. Nxd5 O-O 17. Nf3 Bxc5 18. dxc5 Re8+ 19. Kf1 Nxc5 20. Nxf4
Qf6 21. g3 Ne4 22. Qd4 Qa6+ 23. Kg2 Rbd8 24. Nd5 Qa8 25. Rad1 Kh8 26. Rd3 Nf6
27. Rhd1 Rxd5 28. Qc4 Rxd3 29. Rxd3 Qe4 30. Qxe4 Rxe4 31. Ra3 a4 32. Ng5 Re7
33. Rxa4 h6 34. Ra8+ Ng8 35. Nf3 Kh7 36. Nd4 Nf6 37. a4 Nd5 38. a5 Kg6 39. Nc6
Re6 40. Rc8 Re4 41. a6 1-0

[Event "10eme Open International de La Fere"]
[Site "La Fere (FRA)"]
[Date "2011.07.07"]
[Round "7.32"]
[White "Soriano, Jean-Claude"]
[Black "Oprandi, William"]
[Result "0-1"]
[WhiteElo "1560"]
[BlackElo "1779"]
[PlyCount "56"]
[EventDate "2011.??.??"]

1. d4 Nf6 2. Nf3 e6 3. c4 Bb4+ 4. Bd2 Qe7 5. a3 Bxd2+ 6. Nbxd2 a5 7. e3 c5 8.
Nb3 d6 9. Bd3 O-O 10. O-O Nbd7 11. Qc2 b6 12. e4 e5 13. d5 Re8 14. Nbd2 Nh5 15.
g3 Qf6 16. Kh1 Nf8 17. Ng1 Qh6 18. Rae1 Nf6 19. f3 Qg5 20. Rf2 h5 21. Nf1 h4
22. Qd2 Qh5 23. gxh4 Qxh4 24. Rg2 Nh5 25. Qg5 Qxe1 26. Ng3 Bh3 27. Nxh5 Bxg2+
28. Kxg2 Ng6 0-1

[Event "10eme Open International de La Fere"]
[Site "La Fere (FRA)"]
[Date "2011.07.07"]
[Round "7.33"]
[White "Podvin, Antoine"]
[Black "Dernoncourt, Christophe"]
[Result "0-1"]
[WhiteElo "1377"]
[BlackElo "1772"]
[PlyCount "46"]
[EventDate "2011.??.??"]

1. d4 d5 2. c4 c6 3. Nc3 Nf6 4. Nf3 dxc4 5. e4 b5 6. Bg5 Nbd7 7. a4 b4 8. Bxf6
Nxf6 9. e5 bxc3 10. exf6 cxb2 11. Rb1 Qa5+ 12. Nd2 c3 13. Nc4 Qb4 14. Qc2 Bf5
15. Qxf5 c2+ 16. Nd2 c1=Q+ 17. Rxc1 bxc1=Q+ 18. Ke2 Qcxd2+ 19. Kf3 Qbc3+ 20.
Kg4 Qdxd4+ 21. Kg5 exf6+ 22. Kh5 g6+ 23. Qxg6 fxg6# 0-1

[Event "10eme Open International de La Fere"]
[Site "La Fere (FRA)"]
[Date "2011.07.07"]
[Round "7.34"]
[White "De Brouwere, Johan"]
[Black "Tonneau, Bastien"]
[Result "1-0"]
[WhiteElo "1768"]
[BlackElo "1370"]
[PlyCount "79"]
[EventDate "2011.??.??"]

1. d4 d5 2. Nf3 Nf6 3. Bf4 Nc6 4. e3 Bg4 5. c4 e6 6. Nc3 Be7 7. Be2 O-O 8. O-O
h6 9. Rc1 a6 10. h3 Bf5 11. a3 Bd6 12. Ne5 Nd7 13. Nxd7 Qxd7 14. cxd5 Bxf4 15.
dxc6 bxc6 16. exf4 Rad8 17. Bxa6 Qxd4 18. Qxd4 Rxd4 19. Rfd1 Rxf4 20. Rd2 e5
21. Rcd1 Rd4 22. Rxd4 exd4 23. Rxd4 Bc8 24. Be2 Bb7 25. Rd7 Rc8 26. Bf3 Kf8 27.
Na4 Ba8 28. Nc5 Ke8 29. Bg4 Rb8 30. Rxc7 g6 31. Rc8+ Rxc8 32. Bxc8 f5 33. Kf1
Ke7 34. Ke1 Kd6 35. Bb7 Bxb7 36. Nxb7+ Kc7 37. Nc5 Kb6 38. Nd3 Kb5 39. b3 c5
40. Ne5 1-0

[Event "10eme Open International de La Fere"]
[Site "La Fere (FRA)"]
[Date "2011.07.07"]
[Round "7.35"]
[White "Rech, Thomas"]
[Black "Brobecker, Alain"]
[Result "0-1"]
[WhiteElo "1360"]
[BlackElo "1757"]
[PlyCount "66"]
[EventDate "2011.??.??"]

1. e4 d5 2. exd5 Nf6 3. Nf3 Nxd5 4. d4 g6 5. Bc4 c6 6. O-O Bg7 7. Bg5 O-O 8.
Re1 Be6 9. Nbd2 Nd7 10. c3 N7f6 11. Bh4 b5 12. Bb3 a5 13. a3 Nf4 14. Bg3 Bxb3
15. Nxb3 Ne6 16. Nc5 Nxc5 17. dxc5 Nd5 18. Qc2 Ra7 19. Rad1 Qc8 20. Nd4 Re8 21.
Bb8 Rb7 22. Be5 f6 23. Bg3 e5 24. Nf3 Bf8 25. b4 Ra7 26. Qb3 axb4 27. cxb4 Qa6
28. Ra1 Qa4 29. Qxa4 Rxa4 30. Nd2 Rea8 31. Nb3 Rxa3 32. Na5 Rxa1 33. Rxa1 Nxb4
0-1

[Event "10eme Open International de La Fere"]
[Site "La Fere (FRA)"]
[Date "2011.07.07"]
[Round "7.36"]
[White "Dagnicourt, Francis"]
[Black "Caloone, Claire"]
[Result "1-0"]
[WhiteElo "1729"]
[BlackElo "1340"]
[PlyCount "37"]
[EventDate "2011.??.??"]

1. d4 d5 2. c4 c6 3. Nf3 Nf6 4. Nc3 Bg4 5. e3 Nbd7 6. Be2 e6 7. cxd5 cxd5 8.
Bd2 Bd6 9. O-O O-O 10. Nb5 Bb8 11. Bb4 Nb6 12. Bxf8 Kxf8 13. Ne5 Bxe2 14. Qxe2
a6 15. Nc3 Ne4 16. Nxe4 dxe4 17. Qh5 g6 18. Qxh7 Qe7 19. Qh8# 1-0

[Event "10eme Open International de La Fere"]
[Site "La Fere (FRA)"]
[Date "2011.07.07"]
[Round "7.37"]
[White "Dagnicourt, Marie"]
[Black "Biniaux, Michael"]
[Result "0-1"]
[WhiteElo "1350"]
[BlackElo "1720"]
[PlyCount "66"]
[EventDate "2011.??.??"]

1. e4 d5 2. exd5 Qxd5 3. Nc3 Qa5 4. d4 c6 5. Nf3 Bg4 6. h3 Bh5 7. a3 e6 8. Be3
Qc7 9. Bc4 Nf6 10. g4 Bg6 11. Ne5 Nbd7 12. Nxg6 hxg6 13. Qd3 Nxg4 14. O-O-O
Nxe3 15. fxe3 O-O-O 16. e4 Ne5 17. Qe2 Nxc4 18. Qxc4 Be7 19. Qe2 Rh4 20. Qe3
Rh5 21. Kb1 Ra5 22. Ne2 Qb6 23. Rd3 Rb5 24. Rb3 Rxb3 25. Qxb3 Qxb3 26. cxb3 Bg5
27. Rd1 Rh8 28. d5 exd5 29. exd5 Rxh3 30. Nc3 f5 31. d6 Kd7 32. Na4 b6 33. Nc3
Bf6 0-1

[Event "10eme Open International de La Fere"]
[Site "La Fere (FRA)"]
[Date "2011.07.07"]
[Round "7.38"]
[White "Vernede, Simon"]
[Black "Eeckhout, Jean-Louis"]
[Result "0-1"]
[WhiteElo "1220"]
[BlackElo "1696"]
[PlyCount "86"]
[EventDate "2011.??.??"]

1. d4 d5 2. c4 e6 3. Nc3 Nf6 4. Bg5 Nbd7 5. Nf3 c6 6. e3 Bb4 7. Rc1 Qa5 8. a3
Bxc3+ 9. Rxc3 Ne4 10. Qc1 Nxc3 11. Qxc3 Qxc3+ 12. bxc3 f6 13. Bf4 b6 14. Be2
Ba6 15. cxd5 Bxe2 16. Kxe2 cxd5 17. Rb1 Rc8 18. Rc1 b5 19. h3 Rc6 20. Nd2 Kf7
21. e4 Rhc8 22. Kd3 Nb6 23. f3 Na4 24. Nb1 Nb2+ 25. Kd2 Nc4+ 26. Kd3 Ra6 27. e5
Nxa3 28. Nxa3 Rxa3 29. exf6 gxf6 30. Bd6 Ra2 31. g4 Rc4 32. h4 Rca4 33. g5 Ra1
34. Rxa1 Rxa1 35. Bc5 a6 36. gxf6 Rh1 37. f4 Rxh4 38. Ke3 Rh3+ 39. Kd2 h5 40.
Ba3 Kxf6 41. Bc1 Kf5 42. Kc2 Rg3 43. Kb3 h4 0-1

[Event "10eme Open International de La Fere"]
[Site "La Fere (FRA)"]
[Date "2011.07.07"]
[Round "7.39"]
[White "Gomes, Alexis"]
[Black "Herman, Jose"]
[Result "1-0"]
[WhiteElo "1710"]
[BlackElo "1609"]
[PlyCount "83"]
[EventDate "2011.??.??"]

1. e4 c5 2. Nf3 Nc6 3. d4 cxd4 4. Nxd4 Nf6 5. Nc3 e5 6. Nf3 d6 7. Bg5 Be7 8.
Qd2 O-O 9. O-O-O Bg4 10. Bxf6 Bxf3 11. Bxe7 Qxe7 12. gxf3 Nd4 13. Nd5 Qh4 14.
Qe3 Rac8 15. c3 f5 16. f4 fxe4 17. fxe5 dxe5 18. Qg3 Qh6+ 19. Kb1 Qe6 20. Bh3
Nf5 21. Rhg1 g6 22. Ne3 Kf7 23. Bxf5 gxf5 24. Qg7+ Ke8 25. Rd5 Qf7 26. Qxe5+
Qe7 27. Qxe7+ Kxe7 28. Rxf5 Rfd8 29. Kc2 Ke6 30. Rg7 Rd3 31. Rff7 Rcd8 32. Rxh7
a5 33. Re7+ Kf6 34. Rxe4 b5 35. Rhh4 a4 36. Rd4 R3xd4 37. Rxd4 Rh8 38. h4 Rh5
39. b3 axb3+ 40. axb3 Ke6 41. c4 bxc4 42. bxc4 1-0

[Event "10eme Open International de La Fere"]
[Site "La Fere (FRA)"]
[Date "2011.07.07"]
[Round "7.41"]
[White "Donatini, Adrien"]
[Black "Vernede, Victor"]
[Result "1/2-1/2"]
[WhiteElo "1471"]
[BlackElo "1702"]
[PlyCount "50"]
[EventDate "2011.??.??"]

1. e4 e6 2. d4 d5 3. Nd2 Nf6 4. e5 Nfd7 5. Ngf3 c5 6. c4 dxc4 7. Nxc4 cxd4 8.
Nxd4 Nb6 9. Be3 Nxc4 10. Bxc4 Bb4+ 11. Ke2 O-O 12. a3 Be7 13. Re1 Qc7 14. Bd3
Qxe5 15. Nf3 Qxb2+ 16. Kf1 Bf6 17. Ng5 g6 18. Qf3 Qc3 19. Kg1 Bg7 20. Be2 Qc6
21. Qh3 h6 22. Bf3 Qa4 23. Ne4 e5 24. Qh4 Qe8 25. Bxh6 Qd8 1/2-1/2

[Event "10eme Open International de La Fere"]
[Site "La Fere (FRA)"]
[Date "2011.07.07"]
[Round "7.43"]
[White "Pierret, Paul"]
[Black "Dumenil, Jean-Francois"]
[Result "0-1"]
[WhiteElo "1462"]
[BlackElo "1670"]
[PlyCount "44"]
[EventDate "2011.??.??"]

1. d4 c6 2. e3 d5 3. c3 Nf6 4. Be2 Bf5 5. Nd2 e6 6. Ngf3 h6 7. O-O Nbd7 8. Nh4
Bh7 9. Qb3 b6 10. Ndf3 Bd6 11. Qa4 Qc7 12. g3 O-O 13. c4 e5 14. cxd5 cxd5 15.
dxe5 Nxe5 16. Ne1 Qc8 17. Qb3 Qh3 18. Nef3 Be4 19. Qa4 Nfg4 20. Bd2 h5 21. Bc3
Nxf3+ 22. Nxf3 Bxf3 0-1

[Event "10eme Open International de La Fere"]
[Site "La Fere (FRA)"]
[Date "2011.07.07"]
[Round "7.44"]
[White "Chevance, Gerard"]
[Black "Gaudin, Roger"]
[Result "1-0"]
[WhiteElo "1660"]
[BlackElo "1535"]
[PlyCount "83"]
[EventDate "2011.??.??"]

1. d4 d5 2. c4 dxc4 3. Nc3 c6 4. a4 a6 5. e4 e5 6. d5 cxd5 7. exd5 Qc7 8. Nf3
Bc5 9. Be2 Nf6 10. O-O O-O 11. Bg5 Nbd7 12. Nd2 Ne8 13. Nxc4 f6 14. Be3 Nd6 15.
Bxc5 Qxc5 16. Ne3 Nb6 17. Qb3 Kh8 18. Rac1 Qa5 19. Qa3 Rd8 20. b4 Ndc4 21. Nxc4
Nxc4 22. Bxc4 Qc7 23. Ne4 Bf5 24. f3 Qb6+ 25. Kh1 Qd4 26. Rfd1 Qb6 27. a5 Qa7
28. Qd3 Rac8 29. Qd2 b6 30. Qf2 Rb8 31. Bb3 Qb7 32. axb6 Qxb6 33. Qxb6 Rxb6 34.
Rc4 Bg6 35. Rdc1 h6 36. Rc8 Rxc8 37. Rxc8+ Kh7 38. Bc2 Rxb4 39. d6 Rd4 40. Rc6
a5 41. h3 Bf7 42. Nxf6+ 1-0

[Event "10eme Open International de La Fere"]
[Site "La Fere (FRA)"]
[Date "2011.07.07"]
[Round "7.45"]
[White "Baye, Dylan"]
[Black "Pruvost, Alain"]
[Result "0-1"]
[WhiteElo "1220"]
[BlackElo "1647"]
[PlyCount "74"]
[EventDate "2011.??.??"]

1. d4 c5 2. Nf3 cxd4 3. Nxd4 a6 4. e4 e6 5. Nc3 b5 6. g3 Bb7 7. Bg2 Nc6 8. Nf3
Nge7 9. O-O Ng6 10. a3 Be7 11. b4 O-O 12. Re1 Qc7 13. Bg5 h6 14. Bxe7 Ncxe7 15.
Qd3 Rac8 16. Re3 Nc6 17. Rd1 Nce5 18. Nxe5 Nxe5 19. Qd4 Nc4 20. Red3 Nb2 21.
Qxd7 Nxd1 22. Rxd1 Qxd7 23. Rxd7 Rxc3 24. Rxb7 Rxa3 25. Bf1 Ra1 26. Kg2 Rc8 27.
e5 Ra4 28. Rb6 Rxb4 29. Rxa6 Rc5 30. Bd3 g6 31. f4 Ra4 32. Bxb5 Rxa6 33. Bxa6
Rxc2+ 34. Kh3 Rf2 35. Bd3 g5 36. fxg5 hxg5 37. g4 Rf3+ 0-1

[Event "10eme Open International de La Fere"]
[Site "La Fere (FRA)"]
[Date "2011.07.07"]
[Round "7.47"]
[White "Huyet, Yannick"]
[Black "Drouin, Philippe"]
[Result "1-0"]
[WhiteElo "1629"]
[BlackElo "1290"]
[PlyCount "43"]
[EventDate "2011.??.??"]

1. e4 e5 2. f4 d6 3. Bc4 Nf6 4. d3 Bg4 5. Nf3 Nbd7 6. O-O Be7 7. h3 Bxf3 8.
Rxf3 Nb6 9. Bb3 Nfd7 10. Nc3 Bh4 11. Qf1 O-O 12. Be3 exf4 13. Bxf4 Nc5 14. Bg3
Nxb3 15. axb3 Bxg3 16. Rxg3 a6 17. Ra5 f6 18. Rf5 Nd7 19. Qf4 Kh8 20. Nd5 g6
21. Qh6 gxf5 22. Qg7# 1-0

[Event "10eme Open International de La Fere"]
[Site "La Fere (FRA)"]
[Date "2011.07.08"]
[Round "8.1"]
[White "Lobzhanidze, Davit"]
[Black "Jerez Perez, Alfonso"]
[Result "1/2-1/2"]
[WhiteElo "2483"]
[BlackElo "2416"]
[PlyCount "117"]
[EventDate "2011.??.??"]

1. e4 c6 2. d4 d5 3. Nd2 dxe4 4. Nxe4 Bf5 5. Nc5 b6 6. Nb3 Nf6 7. Nf3 Nbd7 8.
g3 e6 9. Bg2 Rc8 10. O-O Be7 11. Qe2 O-O 12. c4 Be4 13. Bf4 b5 14. cxb5 cxb5
15. Qxb5 Rc2 16. Nbd2 Bd5 17. Rfc1 Qc8 18. Rxc2 Qxc2 19. Ne1 Qc8 20. Nf1 a6 21.
Qe2 Qb7 22. Rc1 Rc8 23. Rxc8+ Qxc8 24. Bxd5 Nxd5 25. Be3 Qb7 26. Nd3 h6 27. Qc2
a5 28. a4 Bf6 29. b3 Nb8 30. Qc4 Nc6 31. Nd2 Qb6 32. Nc5 Be7 33. Qb5 Qxb5 34.
axb5 Na7 35. Nb7 Bb4 36. Nc4 Nxb5 37. Nbxa5 Ne7 38. Kf1 Bc3 39. Ke2 Bxd4 40.
Bxd4 Nxd4+ 41. Kd3 Nb5 42. Nb7 Nd5 43. Ncd6 Na7 44. Na5 Kf8 45. Kc4 Nb6+ 46.
Kd4 Ke7 47. Ndc4 Nd7 48. b4 Nb5+ 49. Kd3 Nb8 50. Ne5 Na6 51. Kc4 Nd6+ 52. Kb3
f6 53. Nd3 Nb5 54. Kc4 Nd6+ 55. Kb3 Nb5 56. Nb7 Nac7 57. Kc4 Kd7 58. Nbc5+ Kc6
59. Ne4 1/2-1/2

[Event "10eme Open International de La Fere"]
[Site "La Fere (FRA)"]
[Date "2011.07.08"]
[Round "8.2"]
[White "Houriez, Clement"]
[Black "Loiret, Stanislas"]
[Result "1/2-1/2"]
[WhiteElo "2328"]
[BlackElo "2267"]
[PlyCount "81"]
[EventDate "2011.??.??"]

1. Nf3 d5 2. d4 Nf6 3. c4 c6 4. e3 Bf5 5. Nc3 e6 6. Nh4 Be4 7. f3 Bg6 8. Qb3
Qc7 9. Bd2 Be7 10. Nxg6 hxg6 11. Rc1 Nbd7 12. g3 dxc4 13. Bxc4 Nb6 14. Be2 Rd8
15. O-O e5 16. dxe5 Rxd2 17. exf6 gxf6 18. Rc2 Qe5 19. Nd1 Rxc2 20. Qxc2 Bc5
21. Qe4 Nd5 22. Kg2 Nxe3+ 23. Nxe3 Bxe3 24. Rd1 Qxe4 25. fxe4 Ke7 26. Bg4 Rd8
27. Rxd8 Kxd8 28. h4 b5 29. Kf3 Bc1 30. b3 Ke7 31. h5 Kd6 32. Ke2 Ke5 33. hxg6
fxg6 34. Bd7 Kd6 35. Be8 g5 36. g4 a6 37. Kd3 Bb2 38. Kc2 Ba1 39. Kd3 Kc5 40.
Kc2 a5 41. a4 1/2-1/2

[Event "10eme Open International de La Fere"]
[Site "La Fere (FRA)"]
[Date "2011.07.08"]
[Round "8.3"]
[White "Henris, Luc"]
[Black "Miezis, Normunds"]
[Result "0-1"]
[WhiteElo "2189"]
[BlackElo "2520"]
[PlyCount "64"]
[EventDate "2011.??.??"]

1. e4 c5 2. c3 d5 3. exd5 Qxd5 4. d4 Nf6 5. Nf3 e6 6. Na3 cxd4 7. Nb5 Na6 8.
Nbxd4 Be7 9. Bb5+ Bd7 10. Qe2 O-O 11. O-O Nc5 12. Rd1 Bxb5 13. Nxb5 Qe4 14. Be3
a6 15. Nd6 Qc6 16. Nc4 Qb5 17. Nd4 Qe8 18. Bf4 Rd8 19. Nb6 Nd5 20. Nxd5 Rxd5
21. c4 Rd8 22. Rac1 Bf6 23. Be5 Bxe5 24. Qxe5 Rc8 25. b4 Nd7 26. Qe4 Rc7 27.
Rd3 Nf6 28. Qe5 Qc8 29. Rg3 Ne8 30. c5 Rd7 31. h3 Rd5 32. Qe2 Rxd4 0-1

[Event "10eme Open International de La Fere"]
[Site "La Fere (FRA)"]
[Date "2011.07.08"]
[Round "8.4"]
[White "Feryn, Alexandre"]
[Black "Lazarev, Vladimir"]
[Result "0-1"]
[WhiteElo "2063"]
[BlackElo "2445"]
[PlyCount "66"]
[EventDate "2011.??.??"]

1. e4 c5 2. Nf3 Nc6 3. d4 cxd4 4. Nxd4 Qc7 5. Nc3 e6 6. Be2 a6 7. a4 Nf6 8. O-O
Be7 9. Kh1 d6 10. Be3 O-O 11. f4 Re8 12. g4 Nd7 13. g5 b6 14. Bg4 Bf8 15. Qf3
Bb7 16. Qh3 Nc5 17. Rae1 Nb4 18. Bd2 g6 19. Bf3 e5 20. Ncb5 axb5 21. Nxb5 Qd8
22. Bxb4 Ne6 23. fxe5 Nxg5 24. Qg3 Rxe5 25. Bc3 Rxe4 26. Rxe4 Nxf3 27. Qxf3 f5
28. Kg1 Bxe4 29. Qe3 Rxa4 30. Bd4 d5 31. Bxb6 Qh4 32. Bc7 Qg4+ 33. Bg3 Qh3 0-1